[Event "SVK-chT2B 1819"]
[Site "Slovakia"]
[Date "2018.11.18"]
[Round "4.8"]
[White "Szenczi, Juraj"]
[Black "Danko, Dusan"]
[Result "1/2-1/2"]
[WhiteElo "1796"]
[BlackElo "1824"]
[PlyCount "176"]
[EventDate "2018.10.13"]
[EventType "team-tourn"]
[EventRounds "11"]
[EventCountry "SVK"]
[SourceTitle "CBM 187 Extra"]
[Source "ChessBase"]
[SourceDate "2018.11.04"]
[SourceVersion "1"]
[SourceVersionDate "2018.11.04"]
[SourceQuality "1"]
[WhiteTeam "Batorove Kosihy II"]
[BlackTeam "Tlmace"]
[WhiteTeamCountry "SVK"]
[BlackTeamCountry "SVK"]

1. e4 c5 2. g3 g6 3. Bg2 Bg7 4. Ne2 Nc6 5. c3 d6 6. 0-0 Bd7 7. d4 cxd4 8. Nxd4 Nxd4 9. cxd4 Qb6 10. e5 dxe5 11. dxe5 Bxe5 12. Nc3 Bxc3 13. bxc3 Bc6 14. Be3 Qa5 15. Bd4 f6 16. Bxc6+ bxc6 17. Qe2 c5 18. Qf3 Rc8 19. Be3 f5 20. Qb7 Qc7 21. Qb5+ Kf8 22. Rad1 Nf6 23. Bg5 Qb6 24. Qc4 Kg7 25. Rfe1 Rhe8 26. Re6 Qb7 27. Bxf6+ exf6 28. Rxe8 Rxe8 29. Qxc5 Re5 30. Qd4 Re7 31. Qd3 h5 32. c4 Qc7 33. Kg2 f4 34. Qd6 f3+ 35. Kxf3 Qb7+ 36. Qd5 Qb2 37. Qd2 Qb7+ 38. Qd5 Qb2 39. Qd2 Qb7+ 40. Qd5 Qb2 41. Rd2 Qb1 42. c5 Qh1+ 43. Kf4 g5+ 44. Kf5 Re5+ 45. Qxe5 fxe5 46. Rd7+ Kf8 47. Kf6 Ke8 48. Rd6 Qf3+ 49. Kxe5 Qxf2 50. c6 Qe2+ 51. Kd5 Qxa2+ 52. Kc5 Qa5+ 53. Kc4 a6 54. Rd5 Qa4+ 55. Kc5 Qa3+ 56. Kb6 Qb4+ 57. Ka7 Qc4 58. Rxg5 Qxc6 59. Rxh5 Qg6 60. Ra5 Qh7+ 61. Kxa6 Qxh2 62. g4 Qe2+ 63. Kb6 Qxg4 64. Rc5 Qd4 65. Kb5 Kd7 66. Rc4 Qd3 67. Kb4 Kd6 68. Rc3 Qd4+ 69. Kb3 Kd5 70. Kc2 Qa4+ 71. Kd2 Qh4 72. Kd3 Qh1 73. Rc2 Qh4 74. Kc3 Qc4+ 75. Kd2 Qh4 76. Kd3 Qd4+ 77. Ke2 Qe4+ 78. Kd2 Kd4 79. Kd1 Qf3+ 80. Kc1 Qe3+ 81. Kb2 Qe8 82. Kb3 Qh8 83. Rb2 Qd8 84. Ka2 Kc3 85. Rh2 Qa5+ 86. Kb1 Qb4+ 87. Kc1 Qa3+ 88. Kb1 Qa4 1/2-1/2

[Event "SVK-chT1W 1314"]
[Site "Slovakia"]
[Date "2014.03.22"]
[Round "10.8"]
[White "Valent, Ivan"]
[Black "Danko, Dusan"]
[Result "1-0"]
[WhiteElo "2202"]
[BlackElo "1875"]
[PlyCount "87"]
[EventDate "2013.10.12"]
[EventType "team-tourn"]
[EventRounds "11"]
[EventCountry "SVK"]
[SourceTitle "EXT 2015"]
[Source "ChessBase"]
[SourceDate "2014.11.20"]
[SourceVersion "1"]
[SourceVersionDate "2014.11.20"]
[SourceQuality "1"]
[WhiteTeam "Bratislava Slovan III"]
[BlackTeam "Nitra"]
[WhiteTeamCountry "SVK"]
[BlackTeamCountry "SVK"]

1. e4 c5 2. Nf3 Nc6 3. d3 d6 4. g3 g6 5. Bg2 Bg7 6. 0-0 Bg4 7. h3 Bd7 8. c3 h6 9. Be3 g5 10. d4 b6 11. Nbd2 Qc7 12. Rc1 Rd8 13. b4 g4 14. hxg4 Bxg4 15. Qa4 Bd7 16. Qa3 Nf6 17. bxc5 bxc5 18. dxc5 d5 19. Nd4 e5 20. Nb5 Qa5 21. Nd6+ Ke7 22. Qxa5 Nxa5 23. exd5 Ng4 24. Rb1 f5 25. Nb7 Nxe3 26. fxe3 Nxb7 27. Rxb7 Kf6 28. c6 Bc8 29. Rxa7 e4 30. Nxe4+ Kg6 31. d6 Be5 32. d7 Bxd7 33. Rxd7 Rxd7 34. cxd7 fxe4 35. Bxe4+ Kg7 36. Kg2 Bxc3 37. a4 Rd8 38. Bc6 Ba5 39. Rf5 Bb6 40. e4 Rf8 41. a5 Rxf5 42. axb6 Rf8 43. Bb7 Kf6 44. Bc8 1-0

[Event "SVK-chT2B 1314"]
[Site "Slovakia"]
[Date "2014.02.22"]
[Round "8.3"]
[White "Danko, Dusan"]
[Black "Szaraz, Vojtech"]
[Result "1/2-1/2"]
[WhiteElo "1875"]
[BlackElo "1959"]
[PlyCount "69"]
[EventDate "2013.10.19"]
[EventType "team-tourn"]
[EventRounds "11"]
[EventCountry "SVK"]
[SourceTitle "EXT 2015"]
[Source "ChessBase"]
[SourceDate "2014.11.20"]
[SourceVersion "1"]
[SourceVersionDate "2014.11.20"]
[SourceQuality "1"]
[WhiteTeam "Nitra NSK II"]
[BlackTeam "Surany"]
[WhiteTeamCountry "SVK"]
[BlackTeamCountry "SVK"]

1. e4 d5 2. e5 e6 3. Nf3 c5 4. b3 Ne7 5. Bd3 Ng6 6. g3 Nc6 7. Qe2 Qc7 8. Bxg6 hxg6 9. Nc3 a6 10. 0-0 b5 11. a4 b4 12. Nd1 Bb7 13. Nb2 Be7 14. d3 Rh5 15. Re1 0-0-0 16. Bf4 Rdh8 17. Rad1 g5 18. g4 Rh3 19. Bg3 a5 20. d4 Qb6 21. dxc5 Qxc5 22. Qd2 Qc3 23. Qxc3 bxc3 24. Nd3 Nb4 25. Nxb4 axb4 26. Nd4 Bc5 27. Kg2 Kd7 28. Re3 R3h7 29. Rf3 Ke7 30. Re3 Rc8 31. Ree1 Rhh8 32. Kg1 Bb6 33. Kg2 Kd7 34. Re3 Rc7 35. Ree1 1/2-1/2

[Event "SVK-chT1W 1314"]
[Site "Slovakia"]
[Date "2013.10.13"]
[Round "2.7"]
[White "Danko, Dusan"]
[Black "Arendas, Marek"]
[Result "0-1"]
[WhiteElo "1875"]
[BlackElo "2096"]
[PlyCount "112"]
[EventDate "2013.10.12"]
[EventType "team-tourn"]
[EventRounds "11"]
[EventCountry "SVK"]
[SourceTitle "EXT 2015"]
[Source "ChessBase"]
[SourceDate "2014.11.20"]
[SourceVersion "1"]
[SourceVersionDate "2014.11.20"]
[SourceQuality "1"]
[WhiteTeam "Nitra"]
[BlackTeam "Trnava Lokomotiva"]
[WhiteTeamCountry "SVK"]
[BlackTeamCountry "SVK"]

1. d4 d5 2. c4 c6 3. cxd5 cxd5 4. Nc3 g6 5. Bg5 Bg7 6. e3 Nf6 7. Bb5+ Bd7 8. Bxd7+ Qxd7 9. Bxf6 Bxf6 10. Qf3 0-0 11. Qxd5 Qc7 12. Nge2 Nc6 13. 0-0 Rfd8 14. Qf3 Bg7 15. Rac1 Qb6 16. Na4 Qb4 17. b3 Rac8 18. Nc5 Na5 19. Qg4 e6 20. Nd3 Qd2 21. Rxc8 Rxc8 22. Nef4 h5 23. Qh3 Rc3 24. Qh4 Nc6 25. Ne1 Qxa2 26. d5 exd5 27. Nxd5 Rxb3 28. Qe4 Rb5 29. Qe8+ Kh7 30. Ne7 Nxe7 31. Qxb5 Qd5 32. Qb4 Qd7 33. Nf3 Nd5 34. Qb3 Nc3 35. Ng5+ Kg8 36. Kh1 a5 37. h3 a4 38. Qc2 Qb5 39. Re1 Qxg5 40. f4 Qf5 41. Qd2 Qd5 42. Qc1 Qe4 43. Kh2 b5 44. Qd2 Qd5 45. Qc2 f5 46. g4 hxg4 47. hxg4 Qa2 48. Qxa2+ Nxa2 49. gxf5 gxf5 50. e4 fxe4 51. Rxe4 Nc3 52. Re8+ Kf7 53. Ra8 Bf8 54. Kh3 a3 55. Kg4 a2 56. Kf5 Na4 0-1

[Event "SVK-chT1W 1314"]
[Site "Slovakia"]
[Date "2013.10.12"]
[Round "1.8"]
[White "Danko, Dusan"]
[Black "Diviak, Rastislav"]
[Result "0-1"]
[WhiteElo "1875"]
[BlackElo "1998"]
[PlyCount "72"]
[EventDate "2013.10.12"]
[EventType "team-tourn"]
[EventRounds "11"]
[EventCountry "SVK"]
[SourceTitle "EXT 2015"]
[Source "ChessBase"]
[SourceDate "2014.11.20"]
[SourceVersion "1"]
[SourceVersionDate "2014.11.20"]
[SourceQuality "1"]
[WhiteTeam "Nitra"]
[BlackTeam "Osuske"]
[WhiteTeamCountry "SVK"]
[BlackTeamCountry "SVK"]

1. d4 d5 2. c4 e6 3. Nf3 Nf6 4. Nc3 c6 5. a3 dxc4 6. e4 b5 7. Be2 Bb7 8. Bg5 Be7 9. Qc2 0-0 10. Rd1 Qc7 11. Bxf6 Bxf6 12. e5 Be7 13. h4 Nd7 14. Ng5 g6 15. Bg4 a6 16. f4 c5 17. d5 exd5 18. Rxd5 Nb6 19. Rd2 Rad8 20. Rf2 Nd5 21. Nxd5 Bxd5 22. Nxh7 Kxh7 23. h5 Kg7 24. Qc3 b4 25. Qg3 bxa3 26. f5 Qa5+ 27. Kf1 a2 28. f6+ Bxf6 29. exf6+ Kg8 30. Kg1 a1Q+ 31. Kh2 Qxh1+ 32. Kxh1 Qe1+ 33. Kh2 Be4 34. hxg6 Bxg6 35. Bh5 Rd3 36. Qf4 Bxh5 0-1

[Event "SVK-ch Seniors"]
[Site "Tatranske Matliare"]
[Date "2012.06.08"]
[Round "8"]
[White "Danko, Dusan"]
[Black "Rakay, Kvetoslav"]
[Result "0-1"]
[WhiteElo "1849"]
[BlackElo "2019"]
[PlyCount "150"]
[EventDate "2012.06.02"]
[EventType "swiss"]
[EventRounds "9"]
[EventCountry "SVK"]
[SourceTitle "EXT 2014"]
[Source "ChessBase"]
[SourceDate "2013.11.20"]
[SourceVersion "1"]
[SourceVersionDate "2013.11.20"]
[SourceQuality "1"]

1. e4 e6 2. d4 c5 3. Nf3 cxd4 4. Nxd4 Nf6 5. Bd3 Nc6 6. Be3 d5 7. Nxc6 bxc6 8. e5 Nd7 9. f4 Be7 10. 0-0 g6 11. Nd2 a5 12. Nf3 c5 13. c4 d4 14. Be4 Rb8 15. Bc1 Bb7 16. Bd3 Bc6 17. b3 Qc7 18. a4 Qb7 19. Bc2 Be4 20. Rb1 Bxc2 21. Qxc2 Qc6 22. Bd2 Bd8 23. Qd3 Kf8 24. Rfe1 Kg7 25. Re2 h6 26. Be1 Rb7 27. Bf2 Bc7 28. h3 Bd8 29. g4 h5 30. g5 Nb6 31. Rbe1 Nc8 32. Nd2 Ne7 33. Nf3 Bc7 34. Nh4 Rhb8 35. Rb1 Bd8 36. Be1 Rd7 37. Bd2 Rdb7 38. Rg2 Bc7 39. Be1 Re8 40. Bf2 Nf5 41. Nxf5+ exf5 42. Re1 Reb8 43. Rg3 Re8 44. Qc2 Bd8 45. Rd3 Rbe7 46. Re2 Bc7 47. Bg3 Re6 48. Be1 Qb7 49. Bd2 Rb8 50. Qd1 Ree8 51. Qe1 Qc6 52. Bxa5 Bxa5 53. Qxa5 Rb4 54. Qa7 Rb7 55. Qa5 Reb8 56. Qe1 Rxb3 57. Rxb3 Rxb3 58. e6 Rxh3 59. Rg2 Re3 60. Re2 Qxe6 61. Rxe3 dxe3 62. Qc3+ Kg8 63. a5 h4 64. a6 Qxa6 65. Qxe3 Qxc4 66. Qe8+ Kg7 67. Qe5+ Kh7 68. Kh2 Qd4 69. Qc7 Qd5 70. Qe7 c4 71. Qe1 Qe4 72. Qxh4+ Kg8 73. Qf2 c3 74. Kg3 Qd3+ 75. Kh4 Qd2 0-1

[Event "SVK-chT2B 1112"]
[Site "Slovakia"]
[Date "2012.01.07"]
[Round "7.6"]
[White "Danko, Dusan"]
[Black "Cvirik, Vladimir"]
[Result "1-0"]
[WhiteElo "1862"]
[BlackElo "1920"]
[PlyCount "72"]
[EventDate "2011.10.08"]
[EventType "team-tourn"]
[EventRounds "11"]
[EventCountry "SVK"]
[SourceTitle "EXT 2013"]
[Source "ChessBase"]
[SourceDate "2012.11.22"]
[SourceVersion "1"]
[SourceVersionDate "2012.11.22"]
[SourceQuality "1"]
[WhiteTeam "Nitra NSK"]
[BlackTeam "Surany Lokomotiva"]
[WhiteTeamCountry "SVK"]
[BlackTeamCountry "SVK"]

1. e4 c5 2. Nf3 Nc6 3. d4 cxd4 4. Nxd4 g6 5. c3 Bg7 6. Be3 d5 7. Bb5 Qd6 8. exd5 Qxd5 9. 0-0 Bd7 10. Bxc6 Bxc6 11. Nxc6 Qxc6 12. Re1 e6 13. Nd2 Ne7 14. Nf3 Nf5 15. Qe2 Nxe3 16. Qxe3 Ke7 17. Rad1 b6 18. Qf4 h5 19. Qb4+ Qc5 20. Qa4 b5 21. Qe4 Rac8 22. Nh4 Rhd8 23. Nxg6+ fxg6 24. Qxg6 Kf8 25. Rxd8+ Rxd8 26. Qxe6 Qd5 27. Qe7+ Kg8 28. h3 Rd7 29. Qe8+ Kh7 30. Re6 Qd1+ 31. Kh2 Qd5 32. Qg6+ Kh8 33. Re8+ Qg8 34. Qxh5+ Bh6 35. Qxh6+ Rh7 36. Rxg8+ Kxg8 1-0

[Event "SVK-chT2B 1112"]
[Site "Slovakia"]
[Date "2011.10.09"]
[Round "2.3"]
[White "Sopko, Rudolf"]
[Black "Danko, Dusan"]
[Result "1-0"]
[WhiteElo "1913"]
[BlackElo "1862"]
[PlyCount "61"]
[EventDate "2011.10.08"]
[EventType "team-tourn"]
[EventRounds "11"]
[EventCountry "SVK"]
[SourceTitle "EXT 2013"]
[Source "ChessBase"]
[SourceDate "2012.11.22"]
[SourceVersion "1"]
[SourceVersionDate "2012.11.22"]
[SourceQuality "1"]
[WhiteTeam "Trencin SK II"]
[BlackTeam "Nitra NSK"]
[WhiteTeamCountry "SVK"]
[BlackTeamCountry "SVK"]

1. e4 e5 2. Bc4 Nf6 3. Nf3 Nxe4 4. d3 Nf6 5. Nxe5 d5 6. Bb3 Bd6 7. d4 0-0 8. 0-0 Be6 9. Bg5 c6 10. f4 Nbd7 11. f5 Nxe5 12. dxe5 Qb6+ 13. Kh1 Bxe5 14. fxe6 Bxb2 15. Bxf6 gxf6 16. e7 Rfe8 17. Nd2 Bxa1 18. Qxa1 Qe3 19. Nf3 Qxe7 20. c4 Rad8 21. cxd5 cxd5 22. Nd4 Qe5 23. Qd1 Kh8 24. Bc2 Rg8 25. Rf5 Qe3 26. Rh5 Rg6 27. Rh3 Qe5 28. Bxg6 fxg6 29. Rd3 Re8 30. Nf3 Qe2 31. Rd2 1-0

[Event "SVK-ch Seniors-A"]
[Site "Tatranske Matliare"]
[Date "2011.05.??"]
[Round "9"]
[White "Danko, Dusan"]
[Black "Barancik, Michal"]
[Result "1-0"]
[WhiteElo "1851"]
[BlackElo "1907"]
[PlyCount "65"]
[EventDate "2011.05.27"]
[EventType "swiss"]
[EventRounds "9"]
[EventCountry "SVK"]
[SourceTitle "EXT 2023"]
[Source "ChessBase"]
[SourceDate "2022.10.05"]
[SourceVersion "1"]
[SourceVersionDate "2022.10.05"]
[SourceQuality "1"]

1. e4 c5 2. Nf3 d6 3. Bc4 Nf6 4. Nc3 e6 5. 0-0 a6 6. a4 Nc6 7. d4 cxd4 8. Nxd4 Nxd4 9. Qxd4 Qc7 10. Bb3 Be7 11. h3 0-0 12. Be3 Bd7 13. Rad1 Bc6 14. Rfe1 b5 15. axb5 axb5 16. Bg5 Rfd8 17. f3 Be8 18. Kh1 Nh5 19. Bxe7 Qxe7 20. Qf2 Nf4 21. Qg3 Qf6 22. e5 dxe5 23. Ne4 Qh6 24. Nd6 Qf6 25. Ne4 Qe7 26. Rxd8 Rxd8 27. Qg4 f5 28. Qxf5 g6 29. Qxe5 Qh4 30. Ng5 Qg3 31. Rg1 Bf7 32. Nxe6 Ne2 33. Qg7# 1-0

[Event "SVK-chT2B 10/11"]
[Site "Slovakia"]
[Date "2011.03.05"]
[Round "8.6"]
[White "Balogh, Peter"]
[Black "Danko, Dusan"]
[Result "0-1"]
[WhiteElo "1814"]
[BlackElo "1865"]
[PlyCount "79"]
[EventDate "2010.10.23"]
[EventType "team-tourn"]
[EventRounds "11"]
[EventCountry "SVK"]
[SourceTitle "EXT 2019"]
[Source "ChessBase"]
[SourceDate "2018.10.10"]
[SourceVersion "1"]
[SourceVersionDate "2018.10.10"]
[SourceQuality "1"]
[WhiteTeam "Komarno KSC"]
[BlackTeam "Nitra NSK II"]
[WhiteTeamCountry "SVK"]
[BlackTeamCountry "SVK"]

1. e4 c5 2. Nf3 g6 3. d4 Bg7 4. Bc4 cxd4 5. Nxd4 h6 6. c3 Qc7 7. Bb3 Nf6 8. Qe2 0-0 9. 0-0 Nc6 10. Be3 Nxe4 11. f4 d6 12. g4 Nc5 13. f5 Nxd4 14. cxd4 Nxb3 15. axb3 Bd7 16. Nc3 Bc6 17. Rac1 Qa5 18. Qd2 Bd7 19. Bxh6 Rfc8 20. Bxg7 Kxg7 21. Qf4 gxf5 22. Qg5+ Kh8 23. Qxe7 Qd8 24. Qxd8+ Rxd8 25. gxf5 Rg8+ 26. Kh1 b5 27. d5 Rg5 28. Ne4 Rxf5 29. Nxd6 Rxf1+ 30. Rxf1 Be8 31. Rf6 Kg7 32. Nxe8+ Rxe8 33. Ra6 Re1+ 34. Kg2 Re2+ 35. Kf3 Rxb2 36. d6 Kf6 37. d7+ Ke7 38. Rd6 Rxb3+ 39. Kg4 Kd8 40. Rf6 0-1

[Event "SVK-ch Seniors-A"]
[Site "Tatranske Matliare"]
[Date "2010.06.??"]
[Round "6"]
[White "Danko, Dusan"]
[Black "Hatala, Peter"]
[Result "1-0"]
[WhiteElo "1872"]
[BlackElo "1583"]
[PlyCount "115"]
[EventDate "2010.06.06"]
[EventType "swiss"]
[EventRounds "9"]
[EventCountry "SVK"]
[SourceTitle "EXT 2023"]
[Source "ChessBase"]
[SourceDate "2022.10.05"]
[SourceVersion "1"]
[SourceVersionDate "2022.10.05"]
[SourceQuality "1"]

1. b3 d5 2. Bb2 Nc6 3. e3 Nf6 4. Be2 e6 5. Nf3 Be7 6. 0-0 a6 7. d3 0-0 8. Nbd2 b5 9. Rc1 Bb7 10. c4 bxc4 11. bxc4 Rb8 12. c5 Ba8 13. Bc3 Rb5 14. d4 Rb7 15. Qa4 Ra7 16. Ne5 Nxe5 17. dxe5 Nd7 18. Bd4 c6 19. Qc2 Qc7 20. f4 Rb8 21. Bd3 g6 22. g4 f5 23. exf6 Bxf6 24. Bxg6 Bxd4 25. Bxh7+ Kh8 26. exd4 Nf6 27. Bf5 exf5 28. Qxf5 Qg7 29. g5 Rf8 30. Rf3 Ne4 31. Rh3+ Kg8 32. Qe6+ Qf7 33. Qh6 Qg7 34. Qe6+ Qf7 35. Qe5 Qg7 36. Qxg7+ Rxg7 37. Nxe4 dxe4 38. Rf1 Rd7 39. f5 Rxd4 40. Rh4 Rc4 41. Rg4 Rxc5 42. f6 Re5 43. h4 e3 44. Rgf4 e2 45. Re1 c5 46. g6 Bd5 47. a3 c4 48. Kf2 Re6 49. f7+ Kg7 50. h5 c3 51. Rxe2 Rxe2+ 52. Kxe2 Kh6 53. Kd3 c2 54. Kxc2 Kg7 55. Kd3 Bxf7 56. Rxf7+ Rxf7 57. gxf7 Kxf7 58. Kc4 1-0

[Event "SVK-ch Seniors-A"]
[Site "Tatranske Matliare"]
[Date "2010.06.??"]
[Round "8"]
[White "Danko, Dusan"]
[Black "Sutak, Andrej"]
[Result "1-0"]
[WhiteElo "1872"]
[BlackElo "1947"]
[PlyCount "69"]
[EventDate "2010.06.06"]
[EventType "swiss"]
[EventRounds "9"]
[EventCountry "SVK"]
[SourceTitle "EXT 2023"]
[Source "ChessBase"]
[SourceDate "2022.10.05"]
[SourceVersion "1"]
[SourceVersionDate "2022.10.05"]
[SourceQuality "1"]

1. b3 e5 2. Bb2 Nc6 3. e3 d5 4. Nf3 Bg4 5. Be2 Bxf3 6. Bxf3 e4 7. Be2 Nf6 8. 0-0 Bd6 9. Nc3 0-0 10. d3 Qe7 11. Nb5 Rad8 12. a4 h6 13. Nxd6 cxd6 14. d4 Qe6 15. Ba3 Ne7 16. c4 dxc4 17. bxc4 Ng6 18. Rb1 Rb8 19. a5 a6 20. Rb6 Rfd8 21. h3 Nh4 22. Kh2 Ne8 23. c5 Qg6 24. g3 Nf3+ 25. Bxf3 exf3 26. Qb3 Qe4 27. c6 h5 28. cxb7 h4 29. g4 Nf6 30. Rc1 Nd5 31. Rxd6 Nxe3 32. Rxd8+ Kh7 33. Qxe3 Qxb7 34. Rxb8 Qxb8+ 35. Qe5 1-0

[Event "SVK-ch Seniors-A"]
[Site "Tatranske Matliare"]
[Date "2010.06.??"]
[Round "9"]
[White "Lonc, Augustin"]
[Black "Danko, Dusan"]
[Result "1-0"]
[WhiteElo "1900"]
[BlackElo "1872"]
[PlyCount "90"]
[EventDate "2010.06.06"]
[EventType "swiss"]
[EventRounds "9"]
[EventCountry "SVK"]
[SourceTitle "EXT 2023"]
[Source "ChessBase"]
[SourceDate "2022.10.05"]
[SourceVersion "1"]
[SourceVersionDate "2022.10.05"]
[SourceQuality "1"]

1. c4 Nf6 2. Nf3 b6 3. g3 Bb7 4. Bg2 e6 5. 0-0 Be7 6. Nc3 0-0 7. Qc2 d5 8. cxd5 Nxd5 9. Nxd5 Bxd5 10. d3 c5 11. Bd2 Nd7 12. Bc3 b5 13. b3 Rc8 14. Qb2 Bf6 15. e4 Ba8 16. Rfe1 Bxc3 17. Qxc3 Nf6 18. Rad1 Qc7 19. Nd2 Rfd8 20. Nf1 Rd4 21. Ne3 Qd7 22. Nc2 Rd6 23. f3 h6 24. Re2 Bb7 25. Red2 b4 26. Qb2 Ne8 27. Ne3 f6 28. d4 Rd8 29. d5 exd5 30. Nxd5 Kf7 31. Qc2 Nc7 32. Qxc5 Nxd5 33. exd5 Bxd5 34. f4 Bxg2 35. Rxd6 Qe7 36. Kxg2 Rxd6 37. Rxd6 Qe2+ 38. Qf2 Qe4+ 39. Kh3 h5 40. Rd4 Qb7 41. Qe2 Qc8+ 42. Kg2 Qc6+ 43. Kg1 Qc1+ 44. Rd1 Qc5+ 45. Qf2 Qc7 1-0

[Event "SVK-chT2B 0910"]
[Site "Slovakia"]
[Date "2010.02.27"]
[Round "10.6"]
[White "Danko, Dusan"]
[Black "Pallag, Gergely"]
[Result "1-0"]
[WhiteElo "1899"]
[BlackElo "2051"]
[PlyCount "65"]
[EventDate "2009.10.10"]
[EventType "team"]
[EventRounds "11"]
[EventCountry "SVK"]
[SourceTitle "EXT 2011"]
[Source "ChessBase"]
[SourceDate "2010.11.26"]
[SourceVersion "1"]
[SourceVersionDate "2010.11.26"]
[SourceQuality "1"]
[WhiteTeam "Nitra NSK III"]
[BlackTeam "Komarno"]
[WhiteTeamCountry "SVK"]
[BlackTeamCountry "SVK"]

1. b3 e5 2. Bb2 Nc6 3. c4 Nf6 4. Nf3 e4 5. Ne5 Nxe5 6. Bxe5 Bc5 7. h3 Qe7 8. Bb2 e3 9. dxe3 Ne4 10. Qd3 d5 11. Nc3 Bb4 12. a3 Qf6 13. axb4 Nxf2 14. Qxd5 Nxh1 15. Qf3 Qxf3 16. exf3 Ng3 17. Nd5 Kd7 18. Bxg7 Rd8 19. Be5 Nxf1 20. Kxf1 a6 21. Nxc7 Ra7 22. Rd1+ Ke7 23. Bf6+ Kxf6 24. Rxd8 Bf5 25. e4 Bg6 26. Nd5+ Kg7 27. Rd7 Kf8 28. c5 Ra8 29. Rxb7 f5 30. Nc7 Rc8 31. e5 f4 32. Ne6+ Ke8 33. Nxf4 1-0

[Event "SVK-chT2B 0910"]
[Site "Slovakia"]
[Date "2009.11.08"]
[Round "4"]
[White "Motuzova, Marta"]
[Black "Danko, Dusan"]
[Result "0-1"]
[WhiteElo "1883"]
[BlackElo "1899"]
[PlyCount "48"]
[EventDate "2009.10.10"]
[EventType "team"]
[EventRounds "11"]
[EventCountry "SVK"]
[SourceTitle "EXT 2011"]
[Source "ChessBase"]
[SourceDate "2010.11.26"]
[SourceVersion "1"]
[SourceVersionDate "2010.11.26"]
[SourceQuality "1"]
[WhiteTeam "Bystrica SKS"]
[BlackTeam "Nitra NSK III"]
[WhiteTeamCountry "SVK"]
[BlackTeamCountry "SVK"]

1. d4 e6 2. c4 d5 3. Nc3 Nf6 4. e3 Bd7 5. Nf3 Be7 6. Qb3 Bc8 7. Ne5 0-0 8. Be2 c6 9. 0-0 Nbd7 10. f4 Nxe5 11. fxe5 dxc4 12. Bxc4 Nd5 13. Ne4 a5 14. Qd1 b5 15. Bd3 Bb7 16. Rf3 c5 17. Rh3 g6 18. Bb1 Rc8 19. Nc3 Nxc3 20. bxc3 b4 21. cxb4 cxd4 22. exd4 Rxc1 23. Qxc1 Qxd4+ 24. Kf1 Qxa1 0-1

[Event "Piestany op"]
[Site "Piestany"]
[Date "2009.07.31"]
[Round "7"]
[White "Danko, Dusan"]
[Black "Kvassay, Peter"]
[Result "1-0"]
[WhiteElo "1891"]
[BlackElo "2066"]
[PlyCount "57"]
[EventDate "2009.07.26"]
[EventType "swiss"]
[EventRounds "7"]
[EventCountry "SVK"]
[SourceTitle "EXT 2010"]
[Source "ChessBase"]
[SourceDate "2010.11.25"]
[SourceVersion "1"]
[SourceVersionDate "2010.11.25"]
[SourceQuality "1"]

1. b3 Nf6 2. Bb2 g6 3. e4 Bg7 4. Bc4 0-0 5. e5 Ne8 6. Nf3 Nc6 7. 0-0 d5 8. Bb5 Bg4 9. Bxc6 bxc6 10. d4 f6 11. Nbd2 Qd7 12. Qe1 Rd8 13. Qe3 h5 14. Ba3 Rf7 15. h3 Be6 16. Rae1 f5 17. Qg5 f4 18. Qxg6 Bf5 19. Qxh5 Bxc2 20. e6 Rf5 21. exd7 Rxh5 22. dxe8Q+ Rxe8 23. Rxe7 Rxe7 24. Bxe7 Be4 25. Bd8 Rf5 26. Bxc7 Rf7 27. Bd6 Bf8 28. Bxf8 Kxf8 29. Re1 1-0

[Event "Piestany op"]
[Site "Piestany"]
[Date "2009.07.28"]
[Round "3"]
[White "Sturc, Gustav"]
[Black "Danko, Dusan"]
[Result "1-0"]
[WhiteElo "2084"]
[BlackElo "1891"]
[PlyCount "55"]
[EventDate "2009.07.26"]
[EventType "swiss"]
[EventRounds "7"]
[EventCountry "SVK"]
[SourceTitle "EXT 2010"]
[Source "ChessBase"]
[SourceDate "2010.11.25"]
[SourceVersion "1"]
[SourceVersionDate "2010.11.25"]
[SourceQuality "1"]

1. b4 e6 2. Bb2 d5 3. e3 Nf6 4. a3 Be7 5. Nf3 0-0 6. c4 a5 7. b5 h6 8. d4 b6 9. Nbd2 Bb7 10. Qc2 Nbd7 11. Bd3 Re8 12. 0-0 Rc8 13. Ne5 Bd6 14. f4 Qe7 15. Ndf3 Bxe5 16. fxe5 Ne4 17. cxd5 exd5 18. Bxe4 dxe4 19. Nd2 c5 20. Qd1 c4 21. Bc3 f5 22. Rxf5 Bd5 23. Qe2 Rf8 24. Rxf8+ Qxf8 25. Qg4 Qe7 26. Nxe4 h5 27. Qg5 Qf8 28. Nd6 1-0

[Event "Piestany op"]
[Site "Piestany"]
[Date "2009.07.26"]
[Round "1"]
[White "Danko, Dusan"]
[Black "Pinter, Patrik"]
[Result "0-1"]
[WhiteElo "1891"]
[BlackElo "2194"]
[PlyCount "54"]
[EventDate "2009.07.26"]
[EventType "swiss"]
[EventRounds "7"]
[EventCountry "SVK"]
[SourceTitle "EXT 2010"]
[Source "ChessBase"]
[SourceDate "2010.11.25"]
[SourceVersion "1"]
[SourceVersionDate "2010.11.25"]
[SourceQuality "1"]

1. e4 c5 2. Nf3 d6 3. Nc3 a6 4. d4 cxd4 5. Nxd4 Nf6 6. Be2 e6 7. 0-0 Be7 8. Be3 0-0 9. a4 Nbd7 10. h3 Qc7 11. f4 b6 12. Bd3 Bb7 13. f5 e5 14. Nf3 Nc5 15. Nd2 d5 16. Bg5 Nfxe4 17. Ncxe4 Nxe4 18. Nxe4 dxe4 19. Bxe7 Qxe7 20. f6 Qc5+ 21. Kh2 exd3 22. Qg4 g6 23. cxd3 Rfd8 24. Qg5 e4 25. Qh6 Qf8 26. Qe3 Rxd3 27. Qxb6 Qd6+ 0-1

[Event "SVK-ch Seniors-A"]
[Site "Tatranske Matliare"]
[Date "2009.??.??"]
[Round "4"]
[White "Hudec, Jan"]
[Black "Danko, Dusan"]
[Result "1-0"]
[WhiteElo "2055"]
[BlackElo "1872"]
[PlyCount "65"]
[EventDate "2009.05.31"]
[EventType "swiss"]
[EventRounds "9"]
[EventCountry "SVK"]
[SourceTitle "EXT 2023"]
[Source "ChessBase"]
[SourceDate "2022.10.05"]
[SourceVersion "1"]
[SourceVersionDate "2022.10.05"]
[SourceQuality "1"]

1. d4 e6 2. c4 d5 3. Nc3 Nf6 4. Bg5 Be7 5. e3 h6 6. Bh4 a6 7. Nf3 0-0 8. Rc1 c6 9. a3 Nbd7 10. Bd3 dxc4 11. Bxc4 Nd5 12. Bxe7 Qxe7 13. 0-0 Nxc3 14. Rxc3 b5 15. Ba2 Bb7 16. Bb1 Nf6 17. Ne5 Rac8 18. Rc5 Rfd8 19. Qc2 Rd5 20. Nxc6 Bxc6 21. Rxc6 Rcd8 22. Rc1 g6 23. Rc8 Ne8 24. Rxd8 Qxd8 25. Ba2 Rh5 26. g3 Kg7 27. Qc8 Qe7 28. Rc6 Rf5 29. Bxe6 fxe6 30. Rxe6 Qc7 31. Rxe8 Qf7 32. Qd8 Qc4 33. Qe7+ 1-0

[Event "SVK-chT2B 0809"]
[Site "Slovakia"]
[Date "2008.10.12"]
[Round "2.8"]
[White "Matuska, Peter"]
[Black "Danko, Dusan"]
[Result "1-0"]
[WhiteElo "1838"]
[BlackElo "1887"]
[PlyCount "71"]
[EventDate "2008.10.11"]
[EventType "team-tourn"]
[EventRounds "11"]
[EventCountry "SVK"]
[SourceTitle "EXT 2010"]
[Source "ChessBase"]
[SourceDate "2010.11.25"]
[SourceVersion "1"]
[SourceVersionDate "2010.11.25"]
[SourceQuality "1"]
[WhiteTeam "Nove Zamky Basta II"]
[BlackTeam "Nitra NSK III"]
[WhiteTeamCountry "SVK"]
[BlackTeamCountry "SVK"]

1. e4 c5 2. Nc3 Nc6 3. f4 d6 4. Nf3 g6 5. Bc4 Bg7 6. 0-0 e6 7. Rb1 Nge7 8. a3 0-0 9. Kh1 a6 10. Ne2 Qc7 11. Ba2 b5 12. d4 cxd4 13. Nexd4 Bb7 14. Re1 Rad8 15. c3 Qc8 16. Ng5 Nxd4 17. cxd4 h6 18. Nf3 Qa8 19. Qd3 Kh7 20. b4 Bc8 21. Bb2 d5 22. e5 Bd7 23. Rbc1 Rc8 24. Bb1 Qb7 25. Nh4 Rc4 26. g4 Rfc8 27. Qh3 Rxc1 28. Bxc1 Rc4 29. Bb2 Qc8 30. Rf1 Rc6 31. f5 exf5 32. gxf5 Nxf5 33. Nxf5 Bxf5 34. Rxf5 Qc7 35. Rf1 Qe7 36. Qf3 1-0